[Event "MSR_ch20"]
[Site "?"]
[Date "2024.04.08"]
[Round "5.17"]
[White "Bucor, Mark"]
[Black "Osvald, Jakub"]
[Result "1/2-1/2"]
[BlackElo "1517"]
[WhiteElo "1884"]
[LiveChessVersion "1.4.8"]

1. e4 {[%clk 1:30:57]} c5 {[%clk 1:30:53]} 2. Nf3 {[%clk 1:31:20]} d6
{[%clk 1:31:16]} 3. d4 {[%clk 1:31:45]} cxd4 {[%clk 1:31:37]} 4. Nxd4
{[%clk 1:32:08]} Nf6 {[%clk 1:31:57]} 5. Nc3 {[%clk 1:32:25]} e6 {[%clk 1:32:13]}
6. g3 {[%clk 1:28:46]} Be7 {[%clk 1:31:30]} 7. Bg2 {[%clk 1:28:58]} O-O
{[%clk 1:31:20]} 8. O-O {[%clk 1:29:02]} Bd7 {[%clk 1:30:58]} 9. Be3
{[%clk 1:23:19]} Nc6 {[%clk 1:29:53]} 10. Qe2 {[%clk 1:17:38]} a6
{[%clk 1:28:19]} 11. Rad1 {[%clk 1:16:02]} Nxd4 {[%clk 1:26:52]} 12. Bxd4
{[%clk 1:16:06]} Bc6 {[%clk 1:27:07]} 13. f4 Qc7 {[%clk 1:25:42]} 14. h3
{[%clk 1:02:02]} e5 {[%clk 1:15:06]} 15. Be3 {[%clk 1:02:10]} Rad8
{[%clk 1:12:33]} 16. Kh2 {[%clk 1:00:48]} b5 {[%clk 1:11:47]} 17. a3
{[%clk 1:00:46]} Qb7 {[%clk 1:11:24]} 18. Bg1 {[%clk 0:56:09]} exf4
{[%clk 1:07:48]} 19. Rxf4 {[%clk 0:56:19]} Ne8 {[%clk 1:05:13]} 20. Nd5
{[%clk 0:45:27]} Nf6 {[%clk 0:58:59]} 21. Nxe7+ {[%clk 0:42:46]} Qxe7
{[%clk 0:59:17]} 22. Bd4 {[%clk 0:41:14]} Nd7 {[%clk 0:49:58]} 23. Qd2
{[%clk 0:38:10]} Ne5 {[%clk 0:48:20]} 24. b3 {[%clk 0:37:20]} f6 {[%clk 0:46:44]}
25. Rf2 {[%clk 0:32:55]} Qb7 {[%clk 0:39:24]} 26. Re2 {[%clk 0:30:38]} Rd7
{[%clk 0:35:38]} 27. Qf4 {[%clk 0:27:27]} Rfd8 {[%clk 0:29:35]} 28. Red2
{[%clk 0:25:26]} Ng6 {[%clk 0:23:10]} 29. Qf5 {[%clk 0:24:16]} Re7
{[%clk 0:22:33]} 30. Re2 {[%clk 0:22:25]} Qd7 {[%clk 0:21:21]} 31. Qf2
{[%clk 0:21:24]} Rde8 {[%clk 0:18:32]} 32. Bc5 {[%clk 0:11:51]} Bxe4
{[%clk 0:11:32]} 33. Bxe4 {[%clk 0:11:52]} Rxe4 {[%clk 0:11:35]} 34. Rxe4
{[%clk 0:12:14]} Rxe4 {[%clk 0:11:35]} 35. Rxd6 {[%clk 0:12:04]} Qe8
{[%clk 0:10:26]} 36. Rd2 {[%clk 0:11:35]} 1/2-1/2

[Event "MSR_ch20"]
[Site "?"]
[Date "2024.04.08"]
[Round "5.18"]
[White "Volanek, Maros"]
[Black "Filo, David"]
[Result "1/2-1/2"]
[BlackElo "1837"]
[WhiteElo "1822"]
[LiveChessVersion "1.4.8"]

1. d4 {[%clk 1:30:56]} d5 {[%clk 1:30:35]} 2. Nf3 {[%clk 1:31:01]} Nf6
{[%clk 1:30:56]} 3. c4 {[%clk 1:31:24]} e6 {[%clk 1:31:09]} 4. Nc3
{[%clk 1:31:42]} Be7 {[%clk 1:31:27]} 5. Bf4 {[%clk 1:31:53]} O-O
{[%clk 1:31:28]} 6. e3 {[%clk 1:32:09]} Nbd7 {[%clk 1:31:33]} 7. h3
{[%clk 1:30:25]} c6 {[%clk 1:29:36]} 8. a3 {[%clk 1:29:04]} Re8 {[%clk 1:27:52]}
9. Qc2 {[%clk 1:28:08]} Nf8 {[%clk 1:25:26]} 10. cxd5 {[%clk 1:27:36]} exd5
{[%clk 1:25:34]} 11. Bd3 {[%clk 1:27:51]} Ne6 {[%clk 1:17:42]} 12. Bh2
{[%clk 1:25:38]} g6 {[%clk 1:16:50]} 13. O-O {[%clk 1:24:55]} Ng7
{[%clk 1:14:08]} 14. b4 {[%clk 1:19:15]} a6 {[%clk 1:00:09]} 15. Rab1
{[%clk 1:18:01]} Bf5 {[%clk 0:58:11]} 16. a4 {[%clk 1:11:21]} Bxd3
{[%clk 0:49:20]} 17. Qxd3 {[%clk 1:11:41]} Ne6 {[%clk 0:48:05]} 18. Qc2
{[%clk 0:55:30]} Rc8 {[%clk 0:38:50]} 19. Qb3 {[%clk 0:48:44]} Bd6
{[%clk 0:25:41]} 20. Ne5 {[%clk 0:46:50]} Bxe5 {[%clk 0:22:51]} 21. Bxe5
{[%clk 0:46:52]} Nd7 {[%clk 0:23:05]} 22. Bg3 {[%clk 0:44:47]} f5
{[%clk 0:17:19]} 23. b5 {[%clk 0:43:08]} axb5 {[%clk 0:14:57]} 24. axb5
{[%clk 0:43:24]} f4 {[%clk 0:13:57]} 25. Bh2 {[%clk 0:34:52]} fxe3
{[%clk 0:13:13]} 26. fxe3 {[%clk 0:35:10]} Ng5 {[%clk 0:11:37]} 27. Rbe1
{[%clk 0:31:14]} Ne4 {[%clk 0:10:25]} 28. Nxe4 {[%clk 0:31:16]} Rxe4
{[%clk 0:10:47]} 29. bxc6 {[%clk 0:30:16]} bxc6 {[%clk 0:11:11]} 30. Qb7
{[%clk 0:29:04]} Re7 {[%clk 0:07:28]} 31. Qb3 {[%clk 0:26:49]} Re4
{[%clk 0:05:25]} 32. Qb7 {[%clk 0:21:10]} Re7 1/2-1/2

[Event "MSR_ch20"]
[Site "?"]
[Date "2024.04.08"]
[Round "5.19"]
[White "Droppa, Kristian"]
[Black "Vojtas, Marek"]
[Result "0-1"]
[BlackElo "1676"]
[WhiteElo "1594"]
[LiveChessVersion "1.4.8"]

1. d4 {[%clk 1:30:53]} f5 {[%clk 1:30:54]} 2. Nc3 {[%clk 1:31:15]} Nf6
{[%clk 1:31:19]} 3. Bg5 {[%clk 1:31:36]} e6 {[%clk 1:31:43]} 4. e4
{[%clk 1:31:53]} Be7 {[%clk 1:31:47]} 5. exf5 {[%clk 1:29:18]} exf5
{[%clk 1:31:59]} 6. Bd3 {[%clk 1:26:05]} O-O {[%clk 1:28:32]} 7. Bxf5
{[%clk 1:19:52]} Ne8 {[%clk 1:28:53]} 8. Bxe7 {[%clk 1:11:14]} Qxe7+
{[%clk 1:29:16]} 9. Be4 d5 {[%clk 1:29:42]} 10. Qd3 {[%clk 1:08:09]} dxe4
{[%clk 1:29:52]} 11. Qxe4 {[%clk 1:02:49]} Qxe4+ {[%clk 1:26:54]} 12. Nxe4
{[%clk 1:03:05]} Nf6 {[%clk 1:27:02]} 13. Nc3 {[%clk 0:59:46]} Bf5
{[%clk 1:24:33]} 14. O-O-O {[%clk 0:59:56]} Ne4 {[%clk 1:24:23]} 15. Nxe4
{[%clk 0:58:19]} Bxe4 {[%clk 1:24:45]} 16. f3 {[%clk 0:58:40]} Bd5
{[%clk 1:24:58]} 17. Ne2 {[%clk 0:58:38]} Nc6 {[%clk 1:25:02]} 18. Nc3
{[%clk 0:58:08]} Rad8 {[%clk 1:25:27]} 19. Rhe1 {[%clk 0:57:09]} Bf7
{[%clk 1:18:10]} 20. a3 {[%clk 0:56:27]} Nxd4 {[%clk 1:14:41]} 21. Re7
{[%clk 0:55:55]} Ne6 {[%clk 1:14:44]} 22. Re1 {[%clk 0:54:31]} Rfe8
{[%clk 1:13:59]} 23. Rxe8+ {[%clk 0:51:38]} Rxe8 {[%clk 1:14:11]} 24. g3
{[%clk 0:51:44]} Nd4 {[%clk 1:14:18]} 25. Rxe8+ {[%clk 0:51:40]} Bxe8
{[%clk 1:14:34]} 26. f4 {[%clk 0:51:58]} Nb5 {[%clk 1:14:09]} 27. Nxb5
{[%clk 0:51:54]} Bxb5 {[%clk 1:14:33]} 28. Kd2 {[%clk 0:52:17]} Kf7
{[%clk 1:14:50]} 29. Ke3 {[%clk 0:52:40]} Bc6 {[%clk 1:15:00]} 30. c4
{[%clk 0:52:58]} a5 {[%clk 1:14:48]} 31. b4 {[%clk 0:53:14]} axb4
{[%clk 1:15:15]} 32. axb4 {[%clk 0:53:41]} h5 {[%clk 1:14:35]} 33. h4
{[%clk 0:54:02]} b5 {[%clk 1:14:40]} 34. cxb5 {[%clk 0:54:18]} Bxb5
{[%clk 1:15:06]} 35. Ke4 {[%clk 0:54:41]} Kf6 {[%clk 1:14:57]} 36. Kd5
{[%clk 0:54:33]} Kf5 {[%clk 1:15:18]} 37. Kc5 {[%clk 0:54:59]} c6
{[%clk 1:15:42]} 38. Kd4 {[%clk 0:55:05]} Kg4 {[%clk 1:16:06]} 39. Ke5
{[%clk 0:55:32]} Kxg3 {[%clk 1:15:59]} 40. Kf5 {[%clk 0:55:46]} Kxh4
{[%clk 1:16:00]} 41. Kg6 {[%clk 0:56:08]} Kg4 {[%clk 1:16:24]} 42. f5
{[%clk 0:56:34]} Bd3 {[%clk 1:16:45]} 43. Kxg7 {[%clk 0:56:35]} Bxf5
{[%clk 1:17:06]} 0-1

[Event "MSR_ch20"]
[Site "?"]
[Date "2024.04.08"]
[Round "5.20"]
[White "Lichvar, Simon"]
[Black "Zatko, Slavomir"]
[Result "1-0"]
[BlackElo "1684"]
[WhiteElo "1302"]
[LiveChessVersion "1.4.8"]

1. Nf3 {[%clk 1:30:57]} Nf6 {[%clk 1:30:48]} 2. d4 {[%clk 1:31:12]} d5
{[%clk 1:31:07]} 3. c4 {[%clk 1:31:23]} Bf5 {[%clk 1:31:20]} 4. g3
{[%clk 1:30:46]} Nc6 {[%clk 1:31:18]} 5. Bg2 {[%clk 1:30:18]} Ng4
{[%clk 1:31:17]} 6. O-O {[%clk 1:28:16]} e5 {[%clk 1:27:22]} 7. cxd5
{[%clk 1:26:06]} Nb4 {[%clk 1:25:21]} 8. Na3 {[%clk 1:25:31]} e4 {[%clk 1:21:07]}
9. Nh4 {[%clk 1:13:48]} Qxd5 10. Nxf5 {[%clk 1:09:23]} Qxf5 {[%clk 1:16:50]} 11.
Qa4+ {[%clk 1:05:01]} c6 {[%clk 1:15:09]} 12. Bd2 {[%clk 1:01:39]} Nd5
{[%clk 1:10:41]} 13. Rac1 {[%clk 0:59:36]} Bxa3 {[%clk 1:00:01]} 14. Qxa3
{[%clk 0:57:58]} h5 {[%clk 0:54:04]} 15. f3 {[%clk 0:54:17]} exf3
{[%clk 0:51:36]} 16. exf3 {[%clk 0:53:37]} Qf6 {[%clk 0:46:37]} 17. Rfe1+
{[%clk 0:49:30]} Kd7 {[%clk 0:45:44]} 18. fxg4 {[%clk 0:49:06]} Qxd4+
{[%clk 0:45:06]} 19. Be3 {[%clk 0:49:01]} Nxe3 {[%clk 0:44:29]} 20. Rxe3
{[%clk 0:48:21]} Rae8 {[%clk 0:43:30]} 21. Rce1 {[%clk 0:47:29]} Kc8
{[%clk 0:40:01]} 22. Kh1 {[%clk 0:46:20]} Re6 {[%clk 0:37:23]} 23. Rxe6
{[%clk 0:44:30]} fxe6 {[%clk 0:37:37]} 24. Qe7 {[%clk 0:43:33]} Qd7
{[%clk 0:36:22]} 25. Qxe6 {[%clk 0:43:34]} Qxe6 {[%clk 0:36:39]} 26. Rxe6
{[%clk 0:43:59]} Rd8 {[%clk 0:36:41]} 27. Bf3 {[%clk 0:43:48]} Rd3
{[%clk 0:36:12]} 28. Kg2 {[%clk 0:43:49]} Rd2+ {[%clk 0:36:19]} 29. Re2
{[%clk 0:44:11]} Rxe2+ {[%clk 0:36:26]} 30. Bxe2 {[%clk 0:44:39]} hxg4
{[%clk 0:36:46]} 31. Bxg4+ {[%clk 0:45:06]} Kd8 {[%clk 0:37:02]} 32. h4
{[%clk 0:44:43]} c5 {[%clk 0:37:21]} 33. a4 {[%clk 0:44:41]} Ke7 {[%clk 0:37:24]}
34. Be2 {[%clk 0:44:36]} Kf6 {[%clk 0:37:23]} 35. Kf3 {[%clk 0:44:56]} b6
{[%clk 0:37:23]} 36. Kf4 {[%clk 0:45:08]} g6 {[%clk 0:37:15]} 37. g4
{[%clk 0:45:23]} a5 {[%clk 0:37:23]} 38. g5+ {[%clk 0:45:20]} Kg7
{[%clk 0:36:50]} 39. Ke5 {[%clk 0:45:32]} Kf7 {[%clk 0:36:55]} 40. Bc4+
{[%clk 0:45:47]} Ke7 {[%clk 0:37:05]} 41. Bd3 {[%clk 0:45:38]} Kf7
{[%clk 0:36:55]} 42. Kd6 {[%clk 0:45:58]} 1-0

[Event "MSR_ch20"]
[Site "?"]
[Date "2024.04.08"]
[Round "5.21"]
[White "Sulik, Adrian"]
[Black "Piroska, Samuel"]
[Result "1/2-1/2"]
[BlackElo "1667"]
[WhiteElo "1000"]
[LiveChessVersion "1.4.8"]

1. d4 {[%clk 1:30:55]} d5 {[%clk 1:30:51]} 2. c4 {[%clk 1:31:12]} c6
{[%clk 1:31:15]} 3. Nc3 {[%clk 1:31:23]} Nf6 {[%clk 1:31:39]} 4. Nf3
{[%clk 1:30:47]} e6 {[%clk 1:32:02]} 5. e3 {[%clk 1:30:27]} Nbd7 {[%clk 1:31:48]}
6. Bd2 {[%clk 1:29:39]} Qc7 {[%clk 1:31:31]} 7. Rc1 {[%clk 1:29:06]} Bb4
{[%clk 1:30:15]} 8. c5 {[%clk 1:28:03]} b6 {[%clk 1:29:54]} 9. a3
{[%clk 1:27:27]} Bxc3 {[%clk 1:29:33]} 10. Bxc3 {[%clk 1:25:04]} Ne4
{[%clk 1:27:32]} 11. b4 {[%clk 1:23:15]} bxc5 {[%clk 1:23:44]} 12. dxc5
{[%clk 1:22:47]} Nxc3 {[%clk 1:23:41]} 13. Rxc3 {[%clk 1:23:02]} e5
{[%clk 1:23:33]} 14. Be2 {[%clk 1:22:27]} O-O {[%clk 1:23:15]} 15. O-O
{[%clk 1:22:19]} Nf6 {[%clk 1:21:47]} 16. h3 {[%clk 1:15:20]} h6 {[%clk 1:20:50]}
17. Qc2 {[%clk 1:13:09]} Bd7 {[%clk 1:19:13]} 18. Rd1 {[%clk 1:12:25]} a5
{[%clk 1:17:48]} 19. Rb3 {[%clk 1:10:38]} Be6 {[%clk 1:15:34]} 20. Rbb1
{[%clk 1:10:36]} a4 {[%clk 1:15:22]} 21. Qc3 {[%clk 1:09:29]} Ne4
{[%clk 1:13:02]} 22. Qb2 Bf5 {[%clk 1:10:55]} 23. Rbc1 {[%clk 1:03:32]} Rfe8
{[%clk 1:08:51]} 24. Nh2 {[%clk 0:58:11]} 1/2-1/2

[Event "MSR_ch20"]
[Site "?"]
[Date "2024.04.08"]
[Round "5.22"]
[White "Rerko, Samuel"]
[Black "Hulic, Michal"]
[Result "1/2-1/2"]
[BlackElo "1575"]
[WhiteElo "1584"]
[LiveChessVersion "1.4.8"]

1. c4 {[%clk 1:30:55]} e5 {[%clk 1:30:52]} 2. g3 {[%clk 1:31:18]} g6
{[%clk 1:31:11]} 3. Bg2 {[%clk 1:31:36]} Bg7 {[%clk 1:31:29]} 4. Nc3
{[%clk 1:31:25]} f5 {[%clk 1:31:31]} 5. e4 {[%clk 1:30:31]} d6 {[%clk 1:31:13]}
6. Nge2 {[%clk 1:30:01]} Nf6 {[%clk 1:31:15]} 7. O-O {[%clk 1:29:13]} O-O
{[%clk 1:30:45]} 8. d3 {[%clk 1:26:14]} c6 {[%clk 1:28:21]} 9. Qb3
{[%clk 1:22:50]} Kh8 {[%clk 1:27:12]} 10. Be3 {[%clk 1:21:16]} Ng4
{[%clk 1:22:57]} 11. Qc2 {[%clk 1:12:23]} Nxe3 {[%clk 1:20:02]} 12. fxe3
{[%clk 1:12:44]} Qb6 {[%clk 1:20:17]} 13. Qd2 {[%clk 1:10:20]} Na6
{[%clk 1:11:38]} 14. Na4 {[%clk 1:07:25]} Qb4 {[%clk 1:06:46]} 15. Nec3
{[%clk 0:56:24]} Qa5 {[%clk 0:58:22]} 16. a3 {[%clk 0:48:24]} 1/2-1/2

[Event "MSR_ch20"]
[Site "?"]
[Date "2024.04.08"]
[Round "5.23"]
[White "Ondrejicka, Tomas"]
[Black "Mitas, Daniel"]
[Result "1/2-1/2"]
[BlackElo "1614"]
[WhiteElo "1530"]
[LiveChessVersion "1.4.8"]

1. e4 {[%clk 1:30:54]} c6 {[%clk 1:30:53]} 2. f4 {[%clk 1:31:18]} d5
{[%clk 1:31:01]} 3. e5 {[%clk 1:31:43]} Bf5 {[%clk 1:31:17]} 4. d4
{[%clk 1:32:05]} e6 {[%clk 1:31:17]} 5. Bd3 {[%clk 1:32:03]} Bxd3
{[%clk 1:31:12]} 6. Qxd3 {[%clk 1:32:25]} Nd7 {[%clk 1:30:51]} 7. Nf3
{[%clk 1:31:07]} c5 {[%clk 1:31:07]} 8. c3 {[%clk 1:26:20]} cxd4 {[%clk 1:30:41]}
9. cxd4 {[%clk 1:26:27]} Bb4+ {[%clk 1:29:40]} 10. Bd2 {[%clk 1:24:06]} Rc8
{[%clk 1:30:09]} 11. O-O {[%clk 1:23:50]} Qb6 {[%clk 1:30:04]} 12. Nc3
{[%clk 1:21:41]} Ne7 {[%clk 1:29:29]} 13. a3 {[%clk 1:20:27]} Bxc3
{[%clk 1:29:02]} 14. bxc3 {[%clk 1:16:06]} O-O {[%clk 1:27:02]} 15. Nh4
{[%clk 1:14:56]} f6 16. f5 {[%clk 1:11:19]} Nxe5 {[%clk 1:23:04]} 17. Qe2
{[%clk 1:10:45]} Nc4 {[%clk 1:22:12]} 18. Rab1 {[%clk 1:09:12]} Qc6
{[%clk 1:15:33]} 19. fxe6 {[%clk 1:08:03]} b6 {[%clk 1:15:08]} 20. Bc1
{[%clk 1:03:50]} Nd6 {[%clk 1:12:21]} 21. Bb2 {[%clk 1:01:13]} Ne4
{[%clk 1:12:06]} 22. Rbc1 {[%clk 0:54:36]} Qxe6 {[%clk 1:08:27]} 23. a4
{[%clk 0:48:33]} Rfe8 {[%clk 1:01:23]} 24. Qa6 {[%clk 0:46:11]} Nc6
{[%clk 0:58:51]} 25. c4 {[%clk 0:44:29]} Nd2 {[%clk 0:42:46]} 26. cxd5
{[%clk 0:38:50]} Qe3+ {[%clk 0:42:05]} 27. Rf2 {[%clk 0:37:48]} Nb4
{[%clk 0:41:40]} 28. Nf5 {[%clk 0:35:28]} Rxc1+ {[%clk 0:41:21]} 29. Bxc1
{[%clk 0:35:28]} Qe1+ {[%clk 0:39:52]} 30. Rf1 {[%clk 0:35:38]} Nxa6
{[%clk 0:39:37]} 31. Rxe1 {[%clk 0:35:20]} Rxe1+ {[%clk 0:40:00]} 32. Kf2
{[%clk 0:35:43]} Rxc1 {[%clk 0:40:19]} 1/2-1/2